〈Minecraft〉登場するモブクイズ - Statistics

General Stats
  • This quiz has been taken 1,118 times
    474 since last reset
  • The average score is 54 of 88
Answer Stats
モブ % Correct
ウシ
95%
ゾンビ
95%
村人
94%
スケルトン
92%
ブタ
90%
ニワトリ
87%
ラマ
87%
商人の{ラマ}
87%
エンダードラゴン
86%
エンダーマン
86%
ヒツジ
85%
ウマ
84%
クリーパー
84%
{チキン}ジョッキー
83%
クモ
82%
アイアンゴーレム
81%
ウィザー
78%
ピグリン
78%
オオカミ
76%
サケ
74%
ネコ
74%
{スパイダー}ジョッキー
71%
ウィッチ
70%
ガスト
70%
タラ
70%
ロバ
70%
洞窟グモ
70%
イルカ
69%
ウィザースケルトン
69%
ゾンビピグリン
69%
エンダーマイト
67%
ハスク
67%
オウム
66%
ブレイズ
66%
熱帯魚
66%
ウォーデン
65%
シロクマ
64%
スノーゴーレム
64%
ウサギ
63%
エルダーガーディアン
62%
ストレイ
62%
スライム
62%
パンダ
62%
ドラウンド
61%
ガーディアン
60%
ラバ
60%
アレイ
59%
ピリジャー
59%
フグ
59%
村人ゾンビ
59%
イカ
58%
シュルカー
58%
スケルトンホース
58%
行商人
58%
シルバーフィッシュ
57%
ホグリン
57%
ヤマネコ
56%
カメ
55%
マグマキューブ
55%
カエル
54%
キツネ
54%
ピグリンブルート
54%
ウーパールーパー
53%
ヤギ
53%
エヴォーカー
51%
ミツバチ
51%
ラクダ
51%
ヴィンディケーター
50%
アルマジロ
49%
コウモリ
49%
ゾグリン
48%
ムーシュルーム
48%
ファントム
46%
カッパーゴーレム
45%
ゾンビホース
45%
ラヴェジャー
44%
ヴェックス
43%
ストライダー
42%
ハッピーガスト
42%
ヒカリイカ
42%
ブリーズ
40%
オウムガイ
38%
スニッファー
37%
ボグド
36%
オタマジャクシ
33%
クリーキング
30%
ゾンビオウムガイ
22%
スケルトンホースマン
14%
No matching quizzes found
Score Distribution
Percent of People with Each Score
Percentile by Number Answered
Your Score History
You have not taken this quiz since the last reset